=LDR 00000nam 2200000 4500 =001 NUTBA000000000002317 =005 20140611163418.0 =006 =007 =008 =020 ##$$a 978 81 207 2365 8 =035 ##$$0010-061400000000260 =082 ##$$a 425-Sar-p =100 ##$$a M. Sarada =245 ##$$a Pengayaan bahasa inggris Membuat Paragraf =260 ##$$b Pakar Raya $c 2008 =300 ##$$a 75 hlm $c 23 cm =990 ##$$a 93773/BPAP-NTB/2014 =990 ##$$a 21196892/BPAP-NTB/2014 =990 ##$$a 21400424/BPAP-NTB/2014 =990 ##$$a 21400613/BPAP-NTB/20142014 =990 ##$$a 21400613/BPAP-NTB/20142014 =990 ##$$a 21400613/BPAP-NTB/20142014 =990 ##$$a 21400613/BPAP-NTB/20142014 =990 ##$$a 0001/BPAP-NTB/20142014 =990 ##$$a 0001/BPAP-NTB/20142015 =990 ##$$a 0001/BPAP-NTB/20142015 =990 ##$$a 77767776 =990 ##$$a 01201807776 =990 ##$$a 21400613/BPAP-NTB/20142014 =990 ##$$a 21400613/BPAP-NTB/20142014 =990 ##$$a 21400613/BPAP-NTB/20142014 =990 ##$$a 0001/BPAP-NTB/20142014 =990 ##$$a 0001/BPAP-NTB/20142015 =990 ##$$a 0001/BPAP-NTB/20142015